000 00331 a2200169 4500
001 182240
020 _a85-08-04077-7
040 _cMagnum
100 _aAlencar, José de
240 1 0 _aIracema
_lpor
245 1 0 _aIracema
300 _a87
362 0 _a1992
440 1 _aÁtica
697 _aLITERATURA GERAL
942 _cBK
999 _c182240
_d182240